000 00473nam a2200145 i 4500
001 150367
003 ES-MaACL
005 20230906203501.0
007 t|
008 071030s1904 sp ||||1| spa d
100 1 _aValero y Estopiñá, Salvador.
_9112682
245 1 0 _aPatogenia y crítica del tratamiento de la apendicitis
_b: tesis doctoral /
_cSalvador Valero y Estopiñá.
260 _aMadrid :
_b[s.n.,
_c1904] (
_fImp. Casa Vidal)
852 _aES-MaACL
_jT-1364-F-15
999 _c150367
_d150367